00679nam a2200241 a 4500001001300000003000900013005001700022008004100039020002200080082001600102100002600118245002300144260002500167300000900192500003500201505001300236650001500249700002600264902000800290942000700298952011500305999001700420nice12345678IN_TiNIC20260116014857.0120917s2004 dela grp 000 0 eng  a1594676445 c9500a269.2bHOL1 aHolland, Vicki Harley aTo the Unknown God aDelhi bISPCK c2004 a185p aincludes index and biblioraphy2 aEpilogue aEvangelism1 aHolland, Vicki Harley bSRS cBK 001040708StackRoom-aHMIbHMId2012-09-17g95.00l0o269.2 HOL1p023865r2012-09-17v95.00w2012-09-17yBK c17376d17376